Every WWE Pay-Per-View (PPV) World Title Match Competitor - Statistics

General Stats
  • This quiz has been taken 651 times
  • The average score is 75 of 108
Answer Stats
No. of Title Matches Last Match Wrestler % Correct
85 2018 John Cena
99%
71 2016 Triple H
99%
71 2020 Randy Orton
97%
31 2009 Shawn Michaels
97%
57 2010 The Undertaker
96%
29 2018 Kane
95%
35 2013 The Rock
95%
35 2020 Brock Lesnar
94%
38 2011 Edge
94%
22 2020 Roman Reigns
93%
30 2013 CM Punk
92%
27 2020 Seth Rollins
92%
29 2002 Stone Cold Steve Austin
92%
36 2014 Batista
91%
31 2013 The Big Show
91%
19 1997 Bret Hart
90%
11 2017 Dean Ambrose
90%
14 2002 Hulk Hogan
90%
11 2020 The Miz
89%
28 2012 Chris Jericho
88%
22 2019 Daniel Bryan
88%
14 2009 Jeff Hardy
88%
19 2019 Rey Mysterio
88%
22 2015 Sheamus
88%
1 2011 Jerry Lawler
87%
1 1992 Ric Flair
87%
22 2019 AJ Styles
86%
8 2014 Christian
86%
27 2006 Kurt Angle
86%
1 1994 Owen Hart
86%
24 2014 Alberto Del Rio
85%
10 2005 Chris Benoit
85%
11 2020 Bray Wyatt
84%
11 2020 Dolph Ziggler
84%
3 1992 Randy Savage
84%
6 2005 Eddie Guerrero
83%
9 2020 Drew McIntyre
82%
4 2020 Bobby Lashley
81%
15 2003 Kevin Nash
81%
14 2007 Mick Foley
81%
8 2020 Goldberg
80%
10 2019 Kofi Kingston
80%
10 2020 Kevin Owens
79%
4 1992 The Ultimate Warrior
79%
8 2013 Mark Henry
78%
1 2000 Vince McMahon
78%
12 2007 Booker T
77%
11 2020 Braun Strowman
77%
2 2012 Cody Rhodes
77%
17 2009 John Bradshaw Layfield
77%
7 2013 Rob Van Dam
76%
4 2009 Shane McMahon
76%
1 1987 Andre the Giant
75%
8 1995 Yokozuna
75%
2 2018 Sami Zayn
73%
1 1988 Ted DiBiase
73%
2 2010 Ted DiBiase Jr.
73%
8 2012 The Great Khali
72%
6 2018 Shinsuke Nakamura
71%
6 2017 Jinder Mahal
70%
2 2018 Finn Balor
69%
3 2020 John Morrison
68%
5 2013 Jack Swagger
67%
1 1985 Roddy Piper
67%
4 2013 Ryback
66%
2 2020 Jey Uso
65%
6 1997 Sycho Sid
65%
5 2012 Wade Barrett
65%
2 2014 Cesaro
64%
2 1991 Sgt. Slaughter
64%
3 2007 Umaga
63%
1 2008 MVP
61%
7 2019 Samoa Joe
60%
1 1993 Razor Ramon
59%
2 2000 Rikishi
59%
2 1994 Lex Luger
58%
3 2012 R-Truth
58%
1 1999 The Big Boss Man
58%
1 2018 Rusev
57%
5 2019 Baron Corbin
56%
6 1999 The British Bulldog
56%
1 1986 King Kong Bundy
55%
1 2006 Finlay
54%
1 1994 Bob Backlund
51%
1 2006 Carlito
51%
1 2008 Shelton Benjamin
51%
1 1996 Goldust
50%
1 2007 Mr. Kennedy
50%
1 1998 X-Pac
49%
1 2012 Santino Marella
48%
1 1990 Rick Rude
47%
3 1997 Vader
46%
1 1995 King Mabel
43%
1 2015 Sting
43%
1 1997 Faarooq
42%
1 1997 Ken Shamrock
42%
1 2004 Hardcore Holly
41%
1 2020 Ricochet
41%
2 2003 Scott Steiner
40%
1 2006 Chris Masters
39%
2 2009 Vladimir Kozlov
35%
1 2008 The Brian Kendrick
32%
1 2006 Sabu
31%
1 2019 Mustafa Ali
29%
1 2009 Mike Knox
26%
1 2002 Paul Heyman
15%
1 1997 The Patriot
15%
1 2019 Cain Velasquez
13%
No matching quizzes found
Score Distribution
Percent of People with Each Score
Percentile by Number Answered
Your Score History
You have not taken this quiz